Länder mit den höchsten Moscheen - Statistiken

Allgemein
  • Dieses Quiz wurde 62 mal gespielt
  • Das Durchschnittsergebnis liegt bei 9 aus 14
Antwortstatistiken
Pl. Name Höhe in m Vollendung Land % Korrekt
5 Große Mosalla-Moschee 136,0 2006 Iran
96%
4 al-Harām-Moschee 139,0 1570 Saudi-Arabien
93%
14 Çamlıca-Moschee 107,1 2016 Türkei
91%
12 Al-Nour-Moschee 111,9 1970er Ägypten
84%
21 Faisal-Moschee 90,0 1987 Pakistan
84%
2 Hassan-II.-Moschee 210,0 1993 Marokko
82%
19 Große Sultan-Qabus-Moschee 91,3 2001 Oman
79%
1 Djamaa el Djazaïr 265,0 2019 Algerien
75%
8 Scheich-Zayid-Moschee 115,0 2008 Vereinigte Arabische Emirate
75%
6 Ahmed-al-Fatih-Moschee 130,1 1988 Bahrain
66%
2 Rahmatan-Lil-Alamin-Moschee 210,0 2021 Indonesien
64%
3 Abdul-Aziz-Shah-Moschee 142,3 1988 Malaysia
48%
28 Moschee von Delimeđe 77,2 2009 Serbien
11%
10 Moschee Ibrahim Al-Ibrahim 113,0 1989 Venezuela
0%
Keine übereinstimmenden Quizze gefunden
Verteilung der Resultate
Anzahl Personen mit jedem Resultat
Perzentil nach korrekt beantworteten Fragen
Ihre Resultats-Entwicklung
Sie haben dieses Quiz noch nicht gespielt